| 000 | 00509nam a2200157 a 4500 | ||
|---|---|---|---|
| 005 | 20210219145837.0 | ||
| 008 | 991125s1959 mx 000 0 spa u | ||
| 035 | _aUPN01000001854 | ||
| 049 | _aCG | ||
| 050 | 4 |
_aPQ7151 _bA4.4 |
|
| 245 | 0 | 0 |
_aAlmanaque literario : _bespejo del siglo XIX para 1960. |
| 260 |
_aMéxico : _bINBA, Departamento de Literatura, _c1959. |
||
| 300 |
_a319 p., [36] p. de láms (algunas col.) : _bil. |
||
| 650 | 4 |
_aLITERATURA MEXICANA - _xHISTORIA Y CRITICA - _ySIGLO XIX |
|
| 905 | _aLibro | ||
| 999 |
_c1854 _d1854 |
||